[Event "Masters"]
[Site "Bunratty"]
[Date "1998.02.22"]
[Round "3"]
[White "Baburin, Alexander"]
[Black "Ryan, Joseph"]
[Result "1-0"]
[WhiteElo "2600"]
[BlackElo "2280"]

1.d4 d5 2.c4 c6 3.Nf3 Nf6 4.Nc3 dxc4 5.a4 Bf5 6.Ne5 e6 7.f3 c5 8.e4 cxd4
9.exf5 Nc6 10.Nxc6 bxc6 11.fxe6 fxe6 12.Bxc4 dxc3 13.Qe2 cxb2 14.Qxe6+ Qe7
15.Bxb2 Nd5 16.Qxe7+ Bxe7 17.Bd4 O-O 18.Kf2 Bf6 19.Rhd1 Rfd8 20.Bxf6 gxf6
21.Rab1 Rd7 22.a5 Kf8 23.Rd4 Rad8 24.Re1 Nc7 25.Rg4 Nd5 26.h4 Re7 27.Rg8+ Kxg8
28.Rxe7 Rb8 29.Rxa7 Rb4 30.Bd3 Rxh4 31.a6 Nb4 32.Bxh7+ Kh8 33.Ra8+ Kg7 34.a7 Kxh7
35.Kg3  1-0

[Event "EE Internet sim"]
[Site "Cannes"]
[Date "1998.02.28"]
[Round "?"]
[White "Karpov, Anatoly"]
[Black "Cernousek, Lukas"]
[Result "1-0"]
[WhiteElo "2735"]
[BlackElo "2175"]

1.d4 d5 2.c4 c6 3.Nc3 Nf6 4.Nf3 dxc4 5.a4 Bf5 6.Ne5 e6 7.f3 Bb4 8.e4 Bxe4
9.fxe4 Nxe4 10.Bd2 Qxd4 11.Nxe4 Qxe4+ 12.Qe2 Bxd2+ 13.Kxd2 Qd5+ 14.Kc2 Na6
15.Nxc4 b5 16.axb5 Nb4+ 17.Kc3 cxb5 18.Kxb4 bxc4 19.Qxc4 Rb8+ 20.Ka3 Qd6+
21.Ka2 O-O 22.Rc1 Qd2 23.Qc3 Rfd8 24.h4 Rd4 25.Rh3 Ra4+ 26.Kb1 Qd7 27.Rd3 Qb7
28.Rcd1 Qb6 29.Rd6  1-0

[Event "Belgrade (Women)"]
[Site "Belgrade"]
[Date "1998.03.07"]
[Round "4"]
[White "Cramling, Pia"]
[Black "Stefanova, Antoaneta"]
[Result "1-0"]
[WhiteElo "2535"]
[BlackElo "2480"]

1.d4 d5 2.Nf3 c6 3.c4 Nf6 4.Nc3 dxc4 5.a4 Bf5 6.Ne5 e6 7.g3 Bb4 8.Bg2 Ne4
9.O-O Bxc3 10.bxc3 Nxc3 11.Qe1 Ne4 12.Qb4 Qc7 13.Nxc4 c5 14.Qb5+ Nd7 15.Bf4 a6
16.Qb2 Qc6 17.Nd6+ Ke7 18.d5 Qxd5 19.Rfd1 Qc6 20.Qxg7 Qxd6 21.Rxd6 Nxd6 22.Bg5+  1-0

[Event "VISA GP"]
[Site "Reykjavik"]
[Date "1998.03.11"]
[Round "2"]
[White "Stefansson, Hannes"]
[Black "Bjornsson, Tomas"]
[Result "1-0"]
[WhiteElo "2540"]
[BlackElo "2235"]

1.Nf3 d5 2.d4 Nf6 3.c4 c6 4.Nc3 dxc4 5.a4 Bf5 6.e3 e6 7.Bxc4 Nbd7 8.O-O Bd6
9.Re1 Ne4 10.Qb3 b6 11.Nxe4 Bxe4 12.Nd2 Bg6 13.e4 e5 14.d5 c5 15.Bb5 O-O
16.Nc4 Qc7 17.Bd2 Nf6 18.f3 a6 19.Bc6 Rab8 20.Nxd6 Qxd6 21.Qc4 a5 22.f4 Ne8
23.fxe5 Qxe5 24.Qc3 Qc7 25.e5 f6 26.e6 Qe7 27.Bf4 Rd8 28.Qb3  1-0

[Event "VISA GP"]
[Site "Reykjavik"]
[Date "1998.03.12"]
[Round "3"]
[White "Ward, Christopher"]
[Black "Edvardsson, Kristjan"]
[Result "1-0"]
[WhiteElo "2480"]
[BlackElo "2205"]

1.d4 d5 2.c4 c6 3.Nf3 Nf6 4.Nc3 dxc4 5.a4 Bf5 6.e3 e6 7.Bxc4 Bb4 8.O-O Nbd7
9.Qe2 Bg6 10.e4 Bxc3 11.bxc3 Nxe4 12.Ba3 Qc7 13.Rfc1 O-O-O 14.a5 Rhe8 15.Nh4 Nd6
16.Bb3 e5 17.Nxg6 hxg6 18.Qg4 Nf5 19.Bxf7 Nf6 20.Qxg6 Nh4 21.Qxg7 Nf3+ 22.Kh1 Rh8
23.Be6+ Nd7 24.gxf3 e4 25.Qg3 Rde8 26.Qxc7+ Kxc7 27.Bf7 Rb8 28.fxe4 Rh4 29.e5 c5  1-0

[Event "St Petersburg-ch"]
[Site "St Petersburg"]
[Date "1998.04.09"]
[Round "3"]
[White "Ivanov, Sergey"]
[Black "Popov, Valerij"]
[Result "1/2-1/2"]
[WhiteElo "2570"]
[BlackElo "2505"]

1.d4 d5 2.c4 c6 3.Nf3 Nf6 4.Nc3 dxc4 5.a4 Bf5 6.Ne5 Nbd7 7.Nxc4 Qc7 8.g3 e5
9.dxe5 Nxe5 10.Bf4 Nfd7 11.Bg2 f6 12.O-O Nc5 13.e4 Bg6 14.Qe2 Nb3 15.Rad1 Bc5
16.Be3 Bf7 17.Nxe5 Qxe5 18.f4 Qe7 19.Bh3 O-O 20.Rd7 Bxe3+ 21.Qxe3 Qc5 22.Re1 Rab8
23.e5 fxe5 24.fxe5 Rfe8 25.Ne4 Qxe3+ 26.Rxe3 Rxe5 27.Rxf7 Kxf7 28.Nd6+ Kf6
29.Rxb3 Rd8 30.Rf3+ Ke7 31.Nxb7 Rd1+ 32.Bf1 Rd4 33.b3 g5 34.Bc4 Rd1+ 35.Kg2 Rd2+
36.Rf2 Rxf2+ 37.Kxf2 a5 38.Kf3 Kd7 39.Kg4 Kc7 40.Nxa5 Rxa5 41.Bg8 Kd6 42.Bxh7 Ke6
43.h4 gxh4 44.gxh4 Kf6 45.Be4 Rc5 46.Bd3 Rd5 47.Bc4 Re5 48.Kf4 Rh5 49.Kg3 Re5
50.Kg4 Re4+ 51.Kg3 Re5  1/2-1/2

[Event "Dreifluesse op"]
[Site "Passau"]
[Date "1998.04.11"]
[Round "3"]
[White "Zankl, Thomas"]
[Black "Viertlboeck, Johann"]
[Result "1/2-1/2"]
[WhiteElo "1956"]
[BlackElo "1750"]

1.d4 d5 2.c4 c6 3.Nf3 Nf6 4.Nc3 dxc4 5.a4 Bf5 6.e3 e6 7.Bxc4 Bb4 8.O-O Nbd7
9.Qb3 a5 10.Rd1 O-O 11.Ne2 Qc7 12.Ng3 b5 13.Nxf5 bxc4 14.Qxc4 exf5 15.Bd2 Bxd2
16.Rxd2 Ne4 17.Rc2 Rac8 18.Rac1 Nb6 19.Qxc6 Qxc6 20.Rxc6 Rxc6 21.Rxc6 Nxa4
22.Ra6 Nxb2 23.Rxa5 g6 24.Ne1 Rc8 25.f3 Rc1 26.fxe4 Rxe1+ 27.Kf2 Nd3+ 28.Kf3 fxe4+
29.Kxe4 Nf2+ 30.Kf4 f5 31.h3 Ne4 32.g4 Nd6 33.Rc5 fxg4 34.hxg4 Rf1+ 35.Ke5 Nf7+
36.Ke4 Rg1 37.Kf3 Rf1+ 38.Kg2 Rf6 39.Rc8+ Kg7 40.Rc7 Rd6 41.Kf3 Kf6 42.Ra7 Ng5+
43.Kf4 Re6 44.Ra3 Re4+ 45.Kg3 Ne6 46.Kf3 Ng5+ 47.Kg3 h5 48.gxh5 gxh5 49.Ra6+ Kg7
50.Ra7+ Nf7 51.Kf3 Re6 52.e4 Kg6 53.e5 Re8 54.Kf4 h4 55.Kg4 Rh8 56.Rb7 Kg7
57.Rb3  1/2-1/2

[Event "Dreifluesse op"]
[Site "Passau"]
[Date "1998.04.12"]
[Round "5"]
[White "Neurohr, Juergen"]
[Black "Christensen, Nils"]
[Result "1/2-1/2"]
[WhiteElo "2120"]
[BlackElo "1985"]

1.d4 d5 2.c4 c6 3.Nf3 Nf6 4.Nc3 dxc4 5.a4 Bf5 6.e3 e6 7.Bxc4 Bb4 8.O-O O-O
9.Qe2 Bg4 10.Rd1 Qa5 11.Bd2 Qh5 12.h3 Bxf3 13.Qxf3 Qxf3 14.gxf3 a5 15.e4 Na6
16.Be3 Rfd8 17.Ne2 Be7 18.Rac1 Nb4 19.Kg2 g6 20.Bh6 Bf8 21.Bg5 Be7 22.Bh6 Bf8  1/2-1/2

[Event "GRE-chT"]
[Site "Poros"]
[Date "1998.04.21"]
[Round "2"]
[White "Foukakis, Theodoros"]
[Black "Halkias, Alexandros"]
[Result "1-0"]
[WhiteElo "2180"]
[BlackElo "2035"]

1.Nf3 Nf6 2.c4 c6 3.d4 d5 4.Nc3 dxc4 5.a4 Bf5 6.e3 e6 7.Bxc4 Bb4 8.O-O Nbd7
9.Qe2 Bg6 10.e4 Bxc3 11.bxc3 Nxe4 12.Ba3 Qc7 13.Qe3 Nb6 14.Ne5 Nd6 15.Bxe6 O-O
16.Bb3 Rfe8 17.Qf4 Rad8 18.Bxd6 Qxd6 19.Bxf7+ Bxf7 20.Qxf7+ Kh8 21.Qxe8+  1-0

[Event "SVR-chB"]
[Site "Nickenich"]
[Date "1998.04.??"]
[Round "?"]
[White "Junglas, Andreas"]
[Black "Becher, Helmut"]
[Result "1-0"]
[WhiteElo "2095"]
[BlackElo "2005"]

1.d4 d5 2.c4 c6 3.Nf3 Nf6 4.Nc3 dxc4 5.a4 Bf5 6.e3 e6 7.Bxc4 Bb4 8.O-O Nbd7
9.Qe2 Bg6 10.Rd1 O-O 11.Bd3 Bxd3 12.Qxd3 Qe7 13.e4 e5 14.d5 Nc5 15.Qc4 Na6
16.dxc6 Bxc3 17.Qxc3 Nxe4 18.Qxe5 Qxe5 19.Nxe5 bxc6 20.Nxc6 Nb8 21.Ne7+ Kh8
22.Be3 h6 23.b4 Na6 24.Nc6 Rfc8 25.b5 Nc7 26.Nxa7  1-0

[Event "Zepter op"]
[Site "Minsk"]
[Date "1998.05.01"]
[Round "7"]
[White "Sherbakov, Ruslan"]
[Black "Shishkin, Vadim"]
[Result "1/2-1/2"]
[WhiteElo "2555"]
[BlackElo "2415"]

1.d4 d5 2.c4 c6 3.Nf3 Nf6 4.Nc3 dxc4 5.a4 Bf5 6.Ne5 Nbd7 7.Nxc4 Qc7 8.g3 e5
9.dxe5 Nxe5 10.Bf4 Nfd7 11.Bg2 f6 12.O-O Nc5 13.Bxe5 fxe5 14.Nd2 Rd8 15.Qe1 Be7
16.Nde4 Nb3 17.Rd1 O-O 18.e3 Bg4 19.Rxd8 Rxd8 20.h3 Be6 21.Qe2 Nc5 22.Nxc5 Bxc5
23.h4 Bb4 24.Ne4 h6 25.Qc2 Qf7 26.Rd1 Rxd1+ 27.Qxd1 Bd5 28.Qg4 Qe6 29.Nf6+ Qxf6
30.Qxb4 Bxg2 31.Kxg2 Qf7 32.e4 Qd7 33.Qc4+ Kh7 34.b3 Qd4 35.Qe2 b5 36.a5 a6
37.Qg4 c5 38.Qf5+ Kg8 39.Qe6+ Kh7 40.Qf5+ Kg8 41.Qg6 c4 42.bxc4 bxc4 43.Qe6+ Kh7
44.Qf5+ Kh8 45.Qf8+ Kh7 46.Qf5+ Kh8 47.g4 c3 48.Qf8+  1/2-1/2

[Event "RUS-ch (Women)"]
[Site "Elista"]
[Date "1998.05.02"]
[Round "5.2"]
[White "Prudnikova, Svetlana"]
[Black "Kovalevskaya, Ekaterina"]
[Result "1/2-1/2"]
[WhiteElo "2420"]
[BlackElo "2390"]

1.Nf3 Nf6 2.c4 c6 3.d4 d5 4.Nc3 dxc4 5.a4 Bf5 6.Ne5 e6 7.f3 Bb4 8.e4 Bxe4
9.fxe4 Nxe4 10.Bd2 Qxd4 11.Nxe4 Qxe4+ 12.Qe2 Bxd2+ 13.Kxd2 Qd5+ 14.Kc2 Na6
15.Nxc4 O-O 16.Qe5 Rfd8 17.Qxd5 cxd5 18.Na5 Rac8+ 19.Kb3 Nc5+ 20.Ka3 b6 21.Nb3 Nxb3
22.Kxb3 Rc5 23.Ba6 Kf8 24.Rac1 Ke7 25.Ka3 e5 26.b4 Rxc1 27.Rxc1 e4 28.Kb3 Kd6
29.Bb5 d4 30.Rc6+ Ke5 31.Rc7 d3 32.Re7+ Kf4 33.Rxf7+ Ke3 34.Rf1 Kd2 35.Rf2+ Ke3
36.Rf1 Ke2 37.Rf4 Ke3  1/2-1/2

[Event "Presidents Cup"]
[Site "Elista"]
[Date "1998.05.07"]
[Round "1.1"]
[White "Sakaev, Konstantin"]
[Black "Erendzenov, Stanislav"]
[Result "1-0"]
[WhiteElo "2620"]
[BlackElo "2370"]

1.d4 Nf6 2.c4 c6 3.Nc3 d5 4.Nf3 dxc4 5.a4 Bf5 6.Ne5 e6 7.f3 Bb4 8.e4 Bg6
9.Bxc4 Nbd7 10.Nd3 Be7 11.Be3 O-O 12.O-O Ne8 13.a5 Nd6 14.Ba2 Re8 15.b4 Bf8
16.Nf4 Rc8 17.Qe2 a6 18.Na4 Nb5 19.Qb2 Bd6 20.Rad1 Qe7 21.Nd3 Rcd8 22.Ndc5 Nxc5
23.bxc5 Bc7 24.Nb6 f6 25.Bf2 Bf7 26.Rfe1 Bxb6 27.axb6 Qf8 28.Rd2 Rd7 29.Red1 Red8
30.h3 Qe7 31.Bc4 Qe8 32.Rd3 h6 33.Qb3 Kh8 34.R3d2 Qg8 35.Be3 Qe8 36.Kh2 Kh7
37.Kh1 Kh8 38.Kg1 Qg8 39.h4 Qe8 40.Qb2 f5 41.d5 exd5 42.Bxh6 Qf8 43.Bxb5 axb5
44.exf5 Qxc5+ 45.Kh1 Rg8 46.Bf4 Qxb6 47.f6 Kh7 48.h5 c5 49.Qc2+ g6 50.Be5 d4
51.g4 Qc6 52.hxg6+ Rxg6 53.Rh2+ Kg8 54.Kg2 Rxg4+ 55.Kf2 Rg6 56.Rh8+ Kxh8
57.Qxg6 Bxg6 58.f7+ Kh7 59.Rh1+ Bh5 60.f8=Q  1-0

[Event "Szeged TT05 IM"]
[Site "Szeged"]
[Date "1998.05.22"]
[Round "2"]
[White "Revuckij, Vladimir"]
[Black "Pasztorcsik, Janos"]
[Result "1-0"]
[WhiteElo "2215"]
[BlackElo "2045"]

1.d4 d5 2.c4 c6 3.Nc3 Nf6 4.Nf3 dxc4 5.a4 Bf5 6.e3 e6 7.Bxc4 Bb4 8.O-O O-O
9.h3 Nbd7 10.Nh4 Bg6 11.Nxg6 hxg6 12.Qe2 Nb6 13.Bd3 a5 14.Rd1 Nbd5 15.Bd2 Qd6
16.Qf3 Qe7 17.e4 Nc7 18.Bf4 Rfd8 19.Bc4 Nce8 20.Rac1 Rac8 21.Bg5 e5 22.dxe5 Qxe5
23.Bf4 Qe7 24.e5 Bxc3 25.bxc3 Qc5 26.Bb3 Nd5 27.Be3 Nxe3 28.Bxf7+ Kh7 29.Qxe3 Qxe3
30.fxe3 Nc7 31.Rd4 Rxd4 32.exd4 Nd5 33.c4 Ne7 34.Rb1 Rc7 35.d5 cxd5 36.cxd5 Rd7
37.Be6 Rd8 38.Rd1 Nc6 39.Re1 Nd4 40.Bf7  1-0

[Event "Garcia mem Premier"]
[Site "Santa Clara"]
[Date "1998.05.24"]
[Round "1"]
[White "Bellon Lopez, Juan Manuel"]
[Black "Nogueiras, Jesus"]
[Result "0-1"]
[WhiteElo "2455"]
[BlackElo "2520"]

1.d4 d5 2.Nf3 Nf6 3.c4 c6 4.Nc3 dxc4 5.a4 Bf5 6.Ne5 Nbd7 7.Nxc4 Qc7 8.g3 e5
9.dxe5 Nxe5 10.Bf4 Nfd7 11.Bg2 f6 12.O-O Nc5 13.e4 Bg6 14.Qe2 Be7 15.Rad1 O-O
16.Bh3 Bf7 17.Ne3 Rfd8 18.Nf5 Bf8 19.Rxd8 Rxd8 20.Rd1 Bb3 21.Rd4 Ne6 22.Rxd8 Qxd8
23.Bxe5 fxe5 24.Qe3 Bc5 25.Qc1 Qg5 26.Ne2 Qh5 27.Qf1 Bc4 28.Ne3 Bxe3 29.Bxe6+ Bxe6
30.fxe3 Bc4 31.Qd1 h6 32.Nc3 Qxd1+ 33.Nxd1 Bb3 34.Nf2 Bxa4 35.Nd3 Bc2 36.Nxe5 Bxe4
37.Kf2 b6 38.g4 g5 39.Nc4 Bd5 40.Nd6 Kg7 41.e4 Be6 42.Nf5+ Kg6 43.Ne7+ Kf6
44.Nxc6 Bxg4 45.Ke3 Bd7 46.Nb4 h5 47.Kd4 Be6 48.Nc6 a5 49.e5+ Kg6 50.Ke4 Kf7
51.Nd4 a4 52.Nf3 g4 53.Nh4 b5 54.Kd4 b4 55.Ng2 Bb3 56.Nf4 h4 57.Kd3 h3 58.Ne2 a3
59.bxa3 bxa3 60.Kc3 a2 61.Kb2 Ke6 62.Nc3 Kf7 63.Ne2 Be6 64.Nf4 g3 65.Nxh3  0-1

[Event "Stockholm Elo"]
[Site "Stockholm"]
[Date "1998.06.11"]
[Round "6"]
[White "Burwick, Malte"]
[Black "Rylander, Dennis"]
[Result "1-0"]
[WhiteElo "2270"]
[BlackElo "2145"]

1.Nf3 Nf6 2.c4 c6 3.d4 d5 4.Nc3 dxc4 5.a4 Bf5 6.Ne5 Nbd7 7.Nxc4 Nb6 8.Nxb6 axb6
9.f3 e6 10.e4 Bg6 11.Be3 Be7 12.Be2 O-O 13.O-O h6 14.Qb3 Nd7 15.Rad1 Qc7
16.Kh1 Rae8 17.f4 Kh8 18.Bf3 Bh7 19.Qc4 f5 20.e5 Bd8 21.b4 Nb8 22.Rc1 Qf7
23.b5 Re7 24.Na2 Rc7 25.Qb3 g5 26.g3 Bg6 27.Nb4 Qd7 28.bxc6 bxc6 29.Nd3 Be8
30.Rc2 Ra7 31.Rfc1 Rg8 32.Nb2 Rg7 33.Nc4 gxf4 34.Bxf4 b5 35.axb5 cxb5 36.Nd6 Rc7
37.Rxc7 Bxc7 38.Rxc7 Qxc7 39.Nxe8 Qa5 40.Nxg7 Qe1+ 41.Kg2 Kxg7 42.Qxe6  1-0

[Event "Voronezh op"]
[Site "Voronezh"]
[Date "1998.06.15"]
[Round "4"]
[White "Safaev, A."]
[Black "Terentiev, Vitaly G"]
[Result "0-1"]
[WhiteElo "2200"]
[BlackElo "2410"]

1.d4 d5 2.c4 c6 3.Nf3 Nf6 4.Nc3 dxc4 5.a4 Bf5 6.Ne5 Nbd7 7.Nxc4 Nb6 8.Ne5 a5
9.g3 e6 10.Bg2 Bb4 11.O-O O-O 12.e3 h6 13.h3 Nbd7 14.Nc4 Nb6 15.Ne5 Nbd7
16.Nd3 Bxd3 17.Qxd3 e5 18.Rd1 Re8 19.Qc2 Qb6 20.Na2 Bf8 21.dxe5 Nxe5 22.e4 Bc5
23.b3 Bd4 24.Bb2 Bxb2 25.Qxb2 Rad8 26.Qc2 Rxd1+ 27.Rxd1 Rd8 28.Nc3 Rxd1+
29.Nxd1 Qd4 30.Ne3 g6 31.Nf1 Nfd7 32.Nd2 Nc5 33.Bf1 Ncd3 34.Bxd3 Nxd3 35.Nc4 Qa1+
36.Kh2 Qf1 37.Ne3 Qxf2+ 38.Qxf2 Nxf2 39.Nc4 Nxe4 40.Nxa5 Nd6 41.b4 f5 42.Kg2 Kf7
43.Kf3 Ke6 44.Ke3 Kd5 45.Kd3 c5 46.bxc5 Kxc5 47.Kc3 Ne4+ 48.Kb3 b6 49.Nb7+ Kd5
50.Kc2 Nxg3 51.Kd3 f4 52.a5 bxa5 53.Nxa5 g5 54.Nb3 Nf5 55.Nd2 Nd4 56.Ne4 Ke5
57.Nd2 Ne6 58.Nc4+ Kf5 59.Nd6+ Kg6 60.Ke4 Kh5 61.Nf5 Nc5+ 62.Kd4 Nd7 63.Ke4 Nb6
64.Kd4 Na4 65.Kd3 Nb2+ 66.Ke4 Nd1 67.Kf3 Ne3 68.Ne7 Kh4 69.Ng8 h5 70.Nf6 Nc4
71.Ke4 Nd2+ 72.Kd3 Nf3 73.Ke2 Ng1+ 74.Kf2 Nxh3+ 75.Kf3 g4+ 76.Kg2 g3  0-1

[Event "White Nights op"]
[Site "St Petersburg"]
[Date "1998.06.20"]
[Round "1"]
[White "Uchitel, Stanislav"]
[Black "Kirusha, Andrey"]
[Result "0-1"]
[WhiteElo "2120"]
[BlackElo "2315"]

1.d4 d5 2.c4 c6 3.Nf3 Nf6 4.Nc3 dxc4 5.a4 Bf5 6.e3 e6 7.Bxc4 Bb4 8.O-O Nbd7
9.Qe2 Bg4 10.e4 Bxf3 11.Qxf3 Nb6 12.Bb3 Qxd4 13.a5 Nbd7 14.Ra4 Qd6 15.Bf4 e5
16.Bg5 h6 17.Rd1 Qe7 18.Bh4 Bc5 19.Bc4 b5 20.Nxb5 cxb5 21.Bxb5 g5 22.Bg3 O-O
23.h4 g4 24.Qf5 Rfd8 25.h5 Qe6 26.Bh4 Qxf5 27.exf5 Kf8 28.Rc4 Be7 29.Rc7 Nc5
30.Rxd8+ Rxd8 31.Bxf6 Bxf6 32.Rxc5 Rd1+ 33.Kh2 Rd2 34.Kg3 Rxb2 35.Rc8+ Kg7
36.Bc4 e4 37.Re8 Bd4 38.Rxe4 Bxf2+ 39.Kxg4 Kf6 40.a6 Bb6 41.g3 Rc2 42.Be2 Ra2
43.Bc4 Ra3 44.Be2 Bc7 45.Rc4 Rxg3+ 46.Kh4 Be5 47.Rc6+ Kxf5 48.Rc5 Rg1 49.Bd3+ Kf6
50.Rc6+ Kg7 51.Rc4 Rd1 52.Be4 Ra1 53.Bb7 Ra3 54.Re4 Kf6 55.Rc4 Ke6 56.Rc6+ Bd6
57.Bc8+ Ke5 58.Rc4 f5 59.Bxf5 Kxf5 60.Rf4+ Ke6 61.Re4+ Be5  0-1

[Event "Copenhagen op"]
[Site "Copenhagen"]
[Date "1998.06.24"]
[Round "4"]
[White "Djurhuus, Rune"]
[Black "Hector, Jonny"]
[Result "1/2-1/2"]
[WhiteElo "2510"]
[BlackElo "2505"]

1.c4 Nf6 2.d4 c6 3.Nc3 d5 4.Nf3 dxc4 5.a4 Bf5 6.e3 e6 7.Bxc4 Bb4 8.O-O Nbd7
9.Nh4 Bg6 10.Qb3 a5 11.g3 Qb6 12.Bd2 O-O 13.Nxg6 hxg6 14.Rfd1 Rad8 15.Qc2 c5
16.Nb5 Bxd2 17.Rxd2 cxd4 18.Rxd4 Ne5 19.Be2 Nc6 20.Rxd8 Rxd8 21.Rc1 Nb4 22.Qc7 Qxc7
23.Rxc7 Rd2 24.Kf1 g5 25.Rxb7 g4 26.Na3 Rxb2 27.Nc4 Ra2 28.Nxa5 Rxa4 29.Bd1 Rxa5
30.Rxb4 Ra1 31.Ke1 g6 32.Kd2 Ra2+ 33.Ke1 Ra1 34.Kd2 Ra2+ 35.Ke1  1/2-1/2

[Event "RUS-Cup06"]
[Site "Nizhnij Novgorod"]
[Date "1998.07.01"]
[Round "3"]
[White "Yakovich, Yuri"]
[Black "Kuporosov, Viktor"]
[Result "1-0"]
[WhiteElo "2570"]
[BlackElo "2500"]

1.d4 Nf6 2.c4 c6 3.Nc3 d5 4.Nf3 dxc4 5.a4 Bf5 6.Ne5 Na6 7.e3 e6 8.Bxc4 Nb4
9.O-O Be7 10.Qe2 Bc2 11.a5 O-O 12.a6 Qc7 13.axb7 Qxb7 14.Bd2 c5 15.dxc5 Bxc5
16.Na4 Bxa4 17.Rxa4 Rab8 18.Rc1 Qe4 19.Nf3 Rfd8 20.Bb5 Rdc8 21.Rxc5 Rxc5
22.Rxb4 Qb1+ 23.Be1 Rc2 24.Bd3 Rxb4 25.Bxc2 Qa1 26.b3 Rb8 27.h3 h6 28.Kh2 Rc8
29.Bd3 Nd5 30.Bd2 Nc3 31.Bxc3 Qxc3 32.Bc4 Rd8 33.Nd4 a5 34.Qa2 g6 35.Nf3 Rd1
36.Qa4 Ra1 37.Qe8+ Kg7 38.Qb5 Ra2 39.Kg1 Qa1+ 40.Bf1 Qb2 41.Qe5+ Qxe5 42.Nxe5 a4
43.bxa4 Rxa4 44.g4 Ra3 45.Kg2 Rb3 46.Kg3 Kf6 47.Nf3 Ra3 48.Bg2 Ra2 49.h4 g5
50.h5 Rb2 51.Nd4 Ra2 52.Bc6 Ra3 53.Kf3 Ra2 54.Ne2 Rc2 55.Be4 Rb2 56.Ng3 Ke5
57.Bd3 Ra2 58.Bh7 Rb2 59.Ne2 Ra2 60.Nc1 Rd2 61.Nd3+ Kf6 62.Kg3 Re2 63.Be4 Kg7
64.Bg2 Rd2 65.Be4 Re2 66.Ne5 Re1 67.Nf3 Ra1 68.Nd4 Re1 69.Nc2 Rg1+ 70.Bg2 Rc1
71.Nb4 Rd1 72.f4 Rb1 73.Nd3 Rb3 74.Be4 Ra3 75.Kf3 Ra1 76.f5 Rg1 77.fxe6 fxe6
78.Nc5 Kf6 79.Nd7+ Ke7 80.Ne5 Kf6 81.Nc6 Kf7 82.Nd4 Kf6 83.Bc6 Rd1 84.Ba4 Rf1+
85.Kg2 Ra1 86.Bd7 e5 87.Nf5 Ra7 88.Bc6 Rh7 89.Kf3 Ke6 90.Ke4 Rh8 91.Bd5+ Kf6
92.Bc4 Rc8 93.Be2 Rh8 94.Kd5 Rd8+ 95.Kc6 Rc8+ 96.Kd7 Rc2 97.Bf3 Rf2 98.Be4 Re2
99.Ke8 Re1 100.Kf8 Rc1 101.Kg8 Rc4 102.Nd6 Rc3 103.Bf5 Rxe3 104.Ne4+ Ke7
105.Kg7  1-0

[Event "SVK-ch"]
[Site "Prievidza"]
[Date "1998.07.01"]
[Round "5.46"]
[White "Krak, Tomas"]
[Black "Schuetz, Peter"]
[Result "1-0"]
[WhiteElo "1926"]
[BlackElo "2040"]

1.d4 d5 2.c4 dxc4 3.Nf3 Nf6 4.Nc3 c6 5.a4 Bf5 6.Ne5 e6 7.f3 Bb4 8.e4 Bxe4
9.fxe4 Nxe4 10.Bd2 Qxd4 11.Nxe4 Qxe4+ 12.Qe2 Bxd2+ 13.Kxd2 Qd4+ 14.Kc2 Na6
15.Rd1 Qf4 16.Nxc4 O-O 17.Qf3 Qg5 18.h4 Qc5 19.Qc3 Qb4 20.Qa3 b5 21.axb5 Qxb5
22.Nd6 Nb4+ 23.Kb1 Qh5 24.Qf3 Qg6+ 25.Qe4 Qxe4+ 26.Nxe4 Nd5 27.Rc1 Rfc8 28.Rh3 Rab8
29.Ra3 Rc7 30.Nc5 Rb6 31.Rc4 Kf8 32.Rca4 Ke7 33.Rxa7 Rxa7 34.Rxa7+ Kf6 35.Nd7+  1-0

[Event "RUS-Cup06"]
[Site "Nizhnij Novgorod"]
[Date "1998.07.02"]
[Round "4"]
[White "Skomorokhin, Roman"]
[Black "Sidorova, Elena"]
[Result "1-0"]
[WhiteElo "2480"]
[BlackElo "2260"]

1.d4 d5 2.c4 c6 3.Nf3 Nf6 4.Nc3 dxc4 5.a4 Bf5 6.e3 e6 7.Bxc4 Bb4 8.O-O O-O
9.Nh4 Bg4 10.f3 Bh5 11.g4 Nd5 12.Ng2 Bg6 13.Na2 Be7 14.e4 Nb4 15.Nxb4 Bxb4
16.Be3 Nd7 17.Qb3 Qe7 18.Rad1 Nb6 19.Be2 Rfd8 20.Rc1 f6 21.a5 Nc8 22.a6 Rb8
23.axb7 Rxb7 24.Rxc6 Bd6 25.Qa2 Be8 26.Rc2 Rb4 27.Bc4 Bf7 28.b3 Rb8 29.Nf4 Bxf4
30.Bxf4 e5 31.Bxf7+ Qxf7 32.dxe5 Rxb3 33.exf6 gxf6 34.Rc7 Qe6 35.Rfc1  1-0

[Event "World op"]
[Site "Philadelphia"]
[Date "1998.07.03"]
[Round "7"]
[White "Bonin, Jay R"]
[Black "Formanek, Edward W"]
[Result "1/2-1/2"]
[WhiteElo "2390"]
[BlackElo "2300"]

1.d4 d5 2.c4 c6 3.Nf3 Nf6 4.Nc3 dxc4 5.a4 Bf5 6.e3 e6 7.Bxc4 Bb4 8.O-O O-O
9.Qe2 Ne4 10.Bd3 Bxc3 11.Bxe4 Bb4 12.Bxf5 exf5 13.Bd2 Qa5 14.Bxb4 Qxb4 15.Ne5 a5
16.Rfc1 Na6 17.Qc2 g6 18.Nd3 Qe7 19.Qb3 Rfd8 20.Qb6 Qc7 21.Qxc7 Nxc7 22.g3 Nd5
23.Rab1 Rd7 24.Rc5 Kf8 25.b4 axb4 26.Nxb4 Nxb4 27.Rxb4 Ke7 28.Rc1 Kd8 29.Rcb1  1/2-1/2

[Event "NLD-ch"]
[Site "Rotterdam"]
[Date "1998.07.03"]
[Round "11"]
[White "Van Wely, Loek"]
[Black "Sokolov, Ivan"]
[Result "1/2-1/2"]
[WhiteElo "2605"]
[BlackElo "2625"]

1.d4 d5 2.c4 c6 3.Nc3 Nf6 4.Nf3 dxc4 5.a4 Bf5 6.Ne5 Nbd7 7.Nxc4 Qc7 8.g3 e5
9.dxe5 Nxe5 10.Bf4 Nfd7 11.Bg2 f6 12.Nxe5 Nxe5 13.a5 a6 14.O-O Bd6 15.Ne4 Be7
16.Qb3 Bg6 17.Rfd1 Bf7 18.Qc3 O-O 19.Ng5 Bd6 20.Nxf7 Rxf7 21.Rd4 Qe7 22.b4 Re8
23.Rad1 Bb8 24.Bc1 f5 25.e3 Ng4 26.Qd3 Be5 27.Rd7 Qxd7 28.Qxd7 Rxd7 29.Rxd7 Rb8
30.Bf1 Bc3 31.Bc4+ Kh8 32.Be6 Ne5 33.Rd1 Bxb4 34.f4 Ng6 35.Bxf5 Bxa5 36.Bb2 Ne7
37.Be6 Bb6 38.Rd7 Bxe3+ 39.Kg2 Bc5 40.Be5 Rf8 41.Rxb7 h5 42.Kf3 Kh7 43.Rd7 Ra8
44.Ke4 a5 45.Kd3 Ra7 46.Rxa7 Bxa7 47.h3 g6 48.g4 hxg4  1/2-1/2

[Event "Politiken Cup"]
[Site "Copenhagen"]
[Date "1998.07.05"]
[Round "2"]
[White "Gormally, Daniel"]
[Black "Lauritsen, Niels"]
[Result "1-0"]
[WhiteElo "2415"]
[BlackElo "2205"]

1.d4 d5 2.c4 c6 3.Nf3 Nf6 4.Nc3 dxc4 5.a4 Bf5 6.Ne5 e6 7.f3 c5 8.e4 cxd4
9.exf5 Nc6 10.Nxc6 bxc6 11.fxe6 fxe6 12.Qe2 dxc3 13.Qxe6+ Qe7 14.Qxe7+ Bxe7
15.Bxc4 cxb2 16.Bxb2 Nd5 17.Ke2 O-O-O 18.Rhd1 Rhe8 19.Bxd5 Rxd5 20.Rxd5 cxd5
21.Kd3 Bf6 22.Bxf6 gxf6 23.Rc1+ Kd7 24.Rc5 Ke6 25.Kd4 Rd8 26.Rc6+ Kf5 27.Rc5 Kf4
28.Rc7 Rb8 29.Rxh7 Rb2 30.Rg7 f5 31.Kxd5 Ra2 32.h4 Rxa4 33.h5 Ra5+ 34.Ke6 Ra6+
35.Kf7 Rh6 36.g4 Kxf3 37.gxf5 a5 38.f6 Rxh5 39.Kg6 Rh4 40.f7 Rf4 41.Rg8  1-0

[Event "SCO-ch"]
[Site "Largs"]
[Date "1998.07.05"]
[Round "2"]
[White "Norris, Alan J"]
[Black "Shaw, John"]
[Result "1/2-1/2"]
[WhiteElo "2320"]
[BlackElo "2380"]

1.d4 d5 2.c4 c6 3.Nf3 Nf6 4.Nc3 dxc4 5.a4 Bf5 6.e3 e6 7.Bxc4 Bb4 8.O-O O-O
9.Qe2 Bg6 10.Ne5 Nbd7 11.Nxg6 hxg6 12.Rd1 Qa5 13.Bd2 e5 14.d5 Rad8 15.dxc6 bxc6
16.Be1 e4 17.Rd4 Nb6 18.Bb3  1/2-1/2

[Event "RUS-Cup06"]
[Site "Nizhnij Novgorod"]
[Date "1998.07.07"]
[Round "9"]
[White "Savitskaya, Ekaterina P"]
[Black "Shurygin, Sergey"]
[Result "0-1"]
[WhiteElo "2220"]
[BlackElo "2305"]

1.d4 d5 2.c4 c6 3.Nf3 Nf6 4.Nc3 dxc4 5.a4 Bf5 6.e3 e6 7.Bxc4 Bb4 8.O-O Nbd7
9.Qe2 Bg6 10.Ne5 Nxe5 11.dxe5 Nd7 12.f4 Nb6 13.Na2 Bc5 14.a5 Nxc4 15.Qxc4 Qd5
16.Qxd5 cxd5 17.Nc3 O-O 18.Bd2 Rac8 19.Rfc1 f6 20.Na4 Be7 21.Bc3 Be8 22.exf6 gxf6
23.Rd1 Rc4 24.Rd4 Rc6 25.f5 Kf7 26.fxe6+ Rxe6 27.Kf2 Re4 28.Rxe4 dxe4 29.Bd4 a6
30.Bc5 Bc6 31.Bxe7 Kxe7 32.Nc3 Rd8 33.Ke2 Rg8 34.g3 Rg5 35.b4 Bb5+ 36.Nxb5 Rxb5
37.Rb1 Ke6 38.Kf2 b6 39.axb6 a5 40.Ke2 axb4 41.Kd2 Rxb6 42.Kc2 f5 43.Kb3 Rd6
44.Kc4 Rd2 45.h4 Rd3 46.Rxb4 Rxe3 47.Rb6+ Ke5 48.Rb5+ Kf6 49.Rb6+ Kg7 50.Rb5 Kg6
51.g4 f4 52.Rg5+ Kh6 53.Rh5+ Kg7 54.Rg5+ Kh8 55.Kd4 Re2 56.h5 h6 57.Rf5 f3
58.Ke5 f2 59.Kf6 Ra2 60.Ke7 Ra7+  0-1

[Event "Lost Boys op"]
[Site "Antwerp"]
[Date "1998.07.09"]
[Round "9"]
[White "Olafsson, Helgi"]
[Black "Tischbierek, Raj"]
[Result "1/2-1/2"]
[WhiteElo "2505"]
[BlackElo "2525"]

1.d4 d5 2.c4 c6 3.Nc3 Nf6 4.Nf3 dxc4 5.a4 Bf5 6.Nh4 e6 7.Nxf5 exf5 8.Qc2 g6
9.Bg5 Na6 10.e3 Nb4 11.Qd1 Nd3+ 12.Bxd3 cxd3 13.Qb3 Rb8 14.Rd1 h6 15.Bxf6 Qxf6
16.Rxd3 Bd6 17.O-O O-O 18.g3 Rfd8 19.Rfd1 a6 20.a5 Qe7 21.Qa4 h5 22.d5 c5
23.R1d2 h4 24.Kg2 Kg7 25.Re2  1/2-1/2

[Event "Vlissingen HZ op"]
[Site "Vlissingen"]
[Date "1998.07.13"]
[Round "3"]
[White "Golod, Vitali"]
[Black "Willemze, Jeroen"]
[Result "1/2-1/2"]
[WhiteElo "2555"]
[BlackElo "2275"]

1.d4 d5 2.c4 c6 3.Nf3 Nf6 4.Nc3 dxc4 5.a4 Bf5 6.e3 e6 7.Bxc4 Bb4 8.O-O O-O
9.Qe2 Bg6 10.Ne5 Nbd7 11.Nxg6 hxg6 12.Rd1 Qa5 13.Qc2 c5 14.Na2 cxd4 15.Nxb4 Qxb4
16.Bd2 Qd6 17.Bc3 Ng4 18.g3 Nde5 19.Be2 d3 20.Bxg4 dxc2 21.Rxd6 Nxg4 22.Rc1 Rac8
23.Rd7 Rfd8 24.Rxd8+ Rxd8 25.Rxc2 Rc8 26.Rd2 Nf6 27.Be5 g5 28.Kg2 a6 29.Rd4 Rc2
30.Bxf6 gxf6 31.Rb4 Rc7 32.h4 gxh4 33.gxh4 Kg7 34.Kg3 Kg6 35.b3 Rd7 36.e4 Rd3+
37.Kg4 b5 38.axb5 a5 39.Ra4 Rxb3 40.Rxa5 Rb4 41.Kf3 f5 42.exf5+ Kxf5 43.Ke3 e5
44.Kd3 Rxh4 45.Kc3 Rh8 46.Kc4 Kf4 47.Ra3 f5 48.b6 e4 49.b7 Rb8 50.Rb3 Ke5
51.Kc5 f4 52.Rb4 Kf5 53.Kc6 e3 54.f3 Kg5 55.Rb1 Kh4 56.Rg1 Kh3 57.Kc7 Rxb7+
58.Kxb7 Kh2 59.Rg8 e2 60.Re8 Kg2 61.Rxe2+ Kxf3 62.Ra2 Ke3 63.Kc6 f3 64.Kd5 f2
65.Ra1 Ke2 66.Ke4 f1=Q 67.Ra2+ Ke1 68.Ra1+ Kf2  1/2-1/2

[Event "Politiken Cup"]
[Site "Copenhagen"]
[Date "1998.07.15"]
[Round "11"]
[White "Bekker Jensen, Simon"]
[Black "Hector, Jonny"]
[Result "0-1"]
[WhiteElo "2300"]
[BlackElo "2505"]

1.d4 d5 2.c4 c6 3.Nc3 Nf6 4.Nf3 dxc4 5.a4 Bf5 6.e3 e6 7.Bxc4 Bb4 8.O-O Nbd7
9.Qe2 Bg4 10.h3 Bxf3 11.Qxf3 O-O 12.Qe2 e5 13.Bd2 exd4 14.exd4 Nb6 15.Be3 Nxc4
16.Qxc4 Qa5 17.Rad1 Rad8 18.Na2 Bd6 19.Bd2 Qf5 20.Bb4 Nd5 21.Bxd6 Rxd6 22.Qe2 Rg6  0-1